Statistics for World Cup 2014 Players by Letters - E

Click here to take the quiz!

General Stats

  • This quiz has been taken 33 times
  • The average score is 6 of 17

Answer Stats

TeamPlayer% Correct
Samuel Eto'o
60%
CroatiaEduardo
56%
PortugalEduardo
56%
GhanaMichael Essien
56%
JapanYasuhito Endo
48%
FrancePatrice Evra
44%
NigeriaVincent Enyeama
44%
Eder
40%
NigeriaEmmanuel Emenike
36%
Elderson Echiejile
28%
CameroonEyong Enoh
24%
Austin Ejide
16%
Azubuike Egwuekwe
16%
RussiaAndrey Eshchenko
12%
HondurasDonis Escober
12%
EcuadorFrickson Erazo
12%
Roger Espinoza
12%

Score Distribution

Percentile by Number Answered

Percent of People with Each Score

Your Score History

You have not taken this quiz